000 00579nam a22001937a 4500
005 20251108170742.0
008 250721s2001 xx 000 0 ara d
082 1 4 _a793.8/ستو
100 1 _aستودارد، إدوارد
245 1 0 _aكشف ألعاب الخفة و السحر بواقها العلمي /
250 _aط2.
264 1 _aدمشق :
_bدار المعرفة،
_c2001.
300 _a171ص.
650 1 7 _aالسحر و التنجيم
700 1 _aبارون، هاري
700 1 _aشيا، سميح
_eترجمة
942 _2ddc
_cBK
999 _c48151
_d48151